| 000 | 00472nam a22001337a 4500 | ||
|---|---|---|---|
| 008 | 241113b |||||||| |||| 00| 0 eng d | ||
| 020 | _a9781948996204 | ||
| 050 |
_aBV4011 _b.C48 |
||
| 100 | _aChukwuma, Victor Priest | ||
| 245 |
_aOccupational stress in christian institutions of higher Education : _bA practical guide for leaders and employees / by _cVictor Priest chukwuma |
||
| 260 |
_aLagos, Nigeria _bWats Publications _c2024 |
||
| 300 | _axix, 134p. | ||
| 942 |
_2lcc _cBK |
||
| 999 |
_c20550 _d20549 |
||